000 00443nam a2200181Ia 4500
001 517
005 20260306140523.0
008 260306t2008||||xx |||||||||||||| ||spa||
041 _aESP
082 _a121.68
_bR86
100 _aRousseau, Jean-Jacques, 1712,1778
_eAUT
245 0 _aEnsayo sobre el origen de las lenguas
260 _c2008
300 _a121 páginas :
_c21 cm.
650 _aGEN
654 _aCHU
942 _cLIB
_dJUS
_fJUS
_2ddc
_n
999 _c517
_d517